000 00645nam a22002055i 4500
001 166192
003 ES-MaACL
005 20250702063123.0
008 021106s1876 gw |||| | eng d
040 _aEUS
_bspa
_cEUS
100 1 _aThackeray, William Makepeace,
_d1811-1863
_9109858
245 1 0 _aOut of the world and other tales /
_cby Thackeray.
250 _aCopyright ed.
260 _aLeipzig :
_bBernhard Tauchnitz,
_c1876.
300 _a320 p. ;
_c17 cm.
490 1 _aBritish Authors ;
_v1611
830 0 _aBritish Authors ;
_v1611
_9222528
852 _aES-MaACL
_jG-12854
_z-- Enc. hol.
999 _c166192
_d166192